00645nam a2200193Ia 4500952013100000999001700131003000400148005001700152008004100169020001800210040000900228082002200237100003600259245004100295260004400336300000800380650001300388942005000401 00102ddc40708SSaMESbMEScMALd2019-02-20g50.00l0o894.812301 RAM/Cp28984r2019-02-20 00:00:00w2019-02-20yBKzGR30R3 c28350d28350OSt20210108143246.0190216s9999||||xx |||||||||||||| ||und|| a9788130001234 coclc a894.812301bRAM/C aRamakrishnan, Malayatoor 96469 0aCollector /cMalayatoor Ramakrishnan bPoorna Publications,aKozhikode:c2004. a99p aKathakal cBK2ddch894.812301iRAM/Ck894.812301mRAM/C